|
|
|
|
| LEADER |
00000nam a2200000Ii 4500 |
| 001 |
DIGEJTLOZ225 |
| 003 |
NyNyDIG |
| 006 |
m o d |
| 007 |
cr ||||||||||| |
| 008 |
250204s2021 ck o 000 d spa d |
| 035 |
|
|
|a (OCoLC)1470859048
|
| 040 |
|
|
|a DGITA
|b eng
|e rda
|e pn
|c DGITA
|
| 020 |
|
|
|a 9789587253146
|q (digital)
|
| 020 |
|
|
|a 9789587253337
|
| 024 |
7 |
|
|a https://doi.org/10.21789/9789587253146
|2 doi
|
| 050 |
1 |
4 |
|a PR2750 ebook
|
| 082 |
0 |
4 |
|a 822.33
|2 23
|
| 100 |
1 |
|
|a Shakespeare, William,
|d 1564-1616,
|e author.
|
| 245 |
1 |
0 |
|a Hamlet, príncipe de Dinamarca :
|b monólogos y fragmentos /
|c William Shakespeare ; traducción de Mario Alejandro Molano Vega.
|
| 264 |
|
1 |
|a Bogotá :
|b Editorial UTADEO,
|c [2021]
|
| 300 |
|
|
|a 1 online resource.
|
| 336 |
|
|
|a text
|b txt
|2 rdacontent
|
| 337 |
|
|
|a computer
|b c
|2 rdamedia
|
| 338 |
|
|
|a online resource
|b cr
|2 rdacarrier
|
| 347 |
|
|
|a text file
|2 rdaft
|
| 347 |
|
|
|b PDF
|
| 490 |
1 |
|
|a Animal de letras
|
| 588 |
0 |
|
|a Online resource; title from PDF title page (Digitalia, viewed February 4, 2025)
|
| 600 |
0 |
0 |
|a Hamlet
|c (Legendary character)
|v Drama.
|
| 650 |
|
0 |
|a Kings and rulers
|x Succession
|v Drama.
|
| 650 |
|
0 |
|a Murder victims' families
|v Drama.
|
| 650 |
|
0 |
|a Fathers
|x Death
|v Drama.
|
| 650 |
|
0 |
|a Revenge
|v Drama.
|
| 651 |
|
0 |
|a Denmark
|v Drama.
|
| 650 |
|
0 |
|a Princes
|v Drama.
|
| 655 |
|
7 |
|a Drama.
|2 lcgft
|
| 700 |
1 |
|
|a Molano Vega, Mario Alejandro,
|e translator.
|
| 791 |
2 |
|
|a Digitalia (Firm),
|e distributor.
|
| 793 |
0 |
|
|g Digitalia eBook Collection:
|a Editorial Jorge Tadeo Lozano
|
| 776 |
0 |
8 |
|i Print version:
|a Shakespeare, William, 1564-1616.
|t Hamlet, príncipe de Dinamarca.
|d Bogotá : Editorial UTADEO, [2021]
|z 9789587253337
|
| 830 |
|
0 |
|a Animal de letras
|
| 856 |
4 |
0 |
|3 Digitalia Hispánica
|u https://www.digitaliapublishing.com/a/170610/
|
| 910 |
|
|
|a Premium collection: 2025
|